• 首页
  • 本馆介绍
  • 公告通知
  • 最新文献
  • 馆藏检索
  • 电子资源
  • 读者导购
  • 参考咨询
  • 我的图书馆
  • 登录
  • 详细信息显示
  • 放入我的书架
  • 预约/预借图书
  • 作者相关作品
  • 分类相关作品
  • 丛书相关作品
  • 出版社相关作品

书目信息

  • 表格格式
  • 工作单格式
  • 卡片格式
题名:
暗室技术技法100例
    
 
作者: 刘宁 著
分册:  
出版信息: 北京   长城出版社  1982.10
页数: 248页
开本: 20cm
丛书名:
单 册:
中图分类: TB88
科图分类:
主题词: 摄影--洗印--技术
电子资源:
ISBN:
000 00488nam0 2200181 45
001 0312221749
005 20070924113134.68
010    @dCNY1.20
100    @a20031222d1982 km y0chiy0120 ea
101    @achi
200 1  @a暗室技术技法100例@AAn Shi Ji Shu Ji Fa 100 Li@f刘宁等著@FLiu Ning Deng Zhu
210    @a北京@c长城出版社@d1982.10
215    @a248页@d20cm
606 0  @a摄影@x洗印@x技术
690    @aTB88@v3
701 0  @a刘宁@4著
801    @aCN@bTSTCL@c20070924
905    @a213230@dTB88@e16
    
    暗室技术技法100例/刘宁等著.-北京:长城出版社,1982.10
    248页;20cm
    
    
    ISBN :CNY1.20
    
●
相关链接 在E读中查询图书 在五车中查询图书 在当当中查询图书 在豆瓣中查询图书


正题名:暗室技术技法100例     索取号:TB88/16         预约/预借

序号 登录号 条形码 馆藏地/架位号 状态 备注
1 0470305   204703053   密集书库/ [索取号:TB88/16] 在馆    
2 0624769   206247694   密集书库/ [索取号:TB88/16] 在馆    
唐山师范学院图书馆 欢迎您!
大连网信软件有限公司© 版权所有